Hỏi - Đáp về luật quốc tịch Việt Nam năm 1998

Enregistré dans:
Détails bibliographiques
Auteur principal: Nguyễn, Quốc Cường
Format: Livre
Langue:Undetermined
Publié: Hà Nội Chính trị Quốc gia 2001
Sujets:
Tags: Ajouter un tag
Pas de tags, Soyez le premier à ajouter un tag!
Thư viện lưu trữ: Trung tâm Học liệu Trường Đại học Cần Thơ
LEADER 00673nam a2200193Ia 4500
001 CTU_43737
008 210402s9999 xx 000 0 und d
020 |c 34500 
082 |a 342.597083 
082 |b C561 
100 |a Nguyễn, Quốc Cường 
245 0 |a Hỏi - Đáp về luật quốc tịch Việt Nam năm 1998 
245 0 |c Nguyễn Quốc Cường, Nguyễn Thị Thu Vân, Triệu Thị Thu Thủy 
260 |a Hà Nội 
260 |b Chính trị Quốc gia 
260 |c 2001 
650 |a Citizenship,Nationalities, principle of 
904 |i Giang sửa 
980 |a Trung tâm Học liệu Trường Đại học Cần Thơ